| 000 | 00737nam a2200265Ia 4500 | ||
|---|---|---|---|
| 001 | dia_2368 | ||
| 003 | CHAP | ||
| 005 | 20230614091036.0 | ||
| 008 | 220117s1991 xx 000 0 und d | ||
| 010 | _a172890 | ||
| 040 | _cCHAP | ||
| 082 | _a658.3 B3 | ||
| 100 |
_aBarriguete, Gilberto Francisco _9152695 |
||
| 245 |
_aHombre, Trabajo y Relaciones Industriales / _c por Gilberto Francisco Barriguete |
||
| 260 |
_aMéxico : _b Alhambra, _c1991 |
||
| 300 | _aS.p. | ||
| 500 | _aC/e | ||
| 600 | _a. | ||
| 650 |
_a1.Relaciones industriales/ _9152696 |
||
| 650 | _aTrabajo y trabajadores. | ||
| 901 | _a658.3 B3 | ||
| 902 | _aM | ||
| 905 | _a0000001991 MEXX 0000000000ESP00 | ||
| 942 |
_cLIBRO _2ddc |
||
| 999 |
_c172890 _d172890 |
||